Dinosaurs, Big and Small, By Picture - Statistics

General Stats
  • This quiz has been taken 66 times
  • The average score is 7 of 15
Answer Stats
Picture Answer % Correct
Deinosuchus
86%
Tyrannosaurus Rex
73%
Dilophosaurus
71%
Iguanodon
65%
Allosaurus
61%
Arrhinoceratops
53%
Compsognathus
47%
Argentinosaurus
45%
Corythosaurus
45%
Masiakasaurus
43%
Carcharodontosaurus
33%
Giraffatitan
24%
Sauroposeidon
20%
Albertaceratops
8%
Anatotitan
6%
No matching quizzes found
Score Distribution
Percent of People with Each Score
Percentile by Number Answered
Your Score History
You have not taken this quiz